[Event "Oregon Closed Championship"]
[Site "?"]
[Date "2023.02.20"]
[Round "6"]
[White "Haessler, Carl"]
[Black "Zavortink, Matt"]
[Result "0-1"]
[WhiteElo "2200"]
[BlackElo "2308"]
[Annotator "Matt Zavortink"]
[PlyCount "44"]

{[%evp 0,44,21,-5,2,-23,-27,-27,-11,-22,-28,-17,-15,-60,-41,-77,-64,-64,-40,
-61,-73,-129,-115,-110,-103,-204,-194,-180,-172,-201,-201,-201,-192,-195,-196,
-196,-188,-246,-244,-341,-325,-376,-376,-376,-206,-626,-1108] This was my only
really clinical game of the tournament, so of course I have to include it.} 1.
c4 e6 2. e4 d5 3. exd5 exd5 4. d4 {We've transposed from the English to a
variation of the Exchange French in which white plays an early c4. I often see
people recommending this line for white to get French players out of their
comfort zone, but it's really harmless.} Bb4+ 5. Nc3 Nf6 6. h3 $6 $15 {Too
slow in such an open position! I thought black should have a small edge now.} (
6. Nf3 O-O 7. Be2 dxc4 8. Bxc4 Bg4 9. O-O Nc6 {A typical variation to show why
this line is toothless - black's pieces are just as active as white's so there
isn't any compensation for the potential weakness of the IQP.}) 6... O-O 7. a3
$2 {That's a second slow move. I thought black may be close to winning.} Bxc3+
{Retreating shouldn't be considered. With white's king in the center time is
the most important factor and capturing on c3 requires white to spend a tempo
on the non-developing move bxc3.} 8. bxc3 c5 {Preparing to break the position
open even more. I figured I should delay the more natural ...Re8+ in case
white pre-emptively blocks the e-file, when I may have more useful moves.} 9.
Be3 Qa5 {Again forcing white to play a defensive move that doesn't prepare
kingside castling.} 10. Qc2 Re8 $19 {Threatening to take on d4 and win a piece
due to the pins. White is busted.} 11. Nf3 Nc6 {Renewing the threat.} 12. Be2 {
Now white is threatening to castle when he would reach a survivable position.
But black has a final disruptive move:} Bf5 13. Qb2 (13. Qxf5 Qxc3+ {drops the
a1 rook}) (13. Qd2 {walks into} Ne4) 13... cxd4 14. Nxd4 Nxd4 15. Bxd4 Bd3 16.
Be3 Bxe2 17. Kxe2 {As a result of the combination black is a pawn up and
white's king is stuck in the middle.} Qa4 $6 {I wanted to stop Re1 and Kf1.
Stockfish likes the idea but prefers a different execution with ...Qc7!. Of
course the simple ...dxc4 was also good.} 18. Rhd1 Qxc4+ 19. Kf3 {A tad risky.}
Qe4+ 20. Kg3 Qe5+ 21. Kf3 Ne4 22. Qxb7 Qh5+ 0-1

[Event "Oregon Closed Championship"]
[Site "?"]
[Date "2023.02.20"]
[Round "7"]
[White "Raptis, Nick"]
[Black "Zavortink, Matt"]
[Result "0-1"]
[WhiteElo "2370"]
[BlackElo "2308"]
[Annotator "Matt Zavortink"]
[PlyCount "58"]

{[%evp 0,58,19,29,18,2,61,60,37,48,43,35,28,21,73,34,25,42,45,45,66,51,47,43,
52,25,16,-2,-5,2,3,-16,-6,-10,-13,-34,-1,-36,-9,-7,-48,-44,-53,-49,-50,-59,-75,
-168,-104,-172,-165,-150,-179,-179,-113,-104,-182,-220,-334,-609,-902] My last
round game. I was half a point behind Zoey and thought she might make a quick
draw, so I needed to play to win at all costs (I was wrong and Zoey crushed
her own brother to take clear first - congrats!). I figured I would play the
King's Indian and accept a slightly worse position to try to keep as much life
and dynamic potential in the game as possible.} 1. Nf3 Nf6 2. c4 g6 3. Nc3 Bg7
4. d4 O-O 5. e4 {Somewhat surprising as I've never seen Nick play the white
side of this position, but he tries to be unpredictable.} d6 6. Be2 e5 7. Be3 {
The Gligorich Variation. Now ...exd4 is the prescribed move if black wants to
equalize but I wanted to keep things as complex as possible.} Ng4 (7... exd4 8.
Nxd4 Re8 9. f3 {This is what most sources recommend for black, since the
position of white's bishop on e3 allows black to immediately break out of the
bind with ...c6 followed by ...d5, as was played in some classic
Karpov-Kasparov games.}) 8. Bg5 f6 9. Bh4 Nc6 (9... g5 10. Bg3 Nh6 {is another
line, when both sides have ridiculous looking dark-squared bishops.}) 10. d5
Ne7 11. Nd2 f5 {Less popular than the alternatives ...Nh6 and ...h5.} 12. Bxg4
{Nick finds the most testing continuation.} fxg4 13. Bg5 $1 {An important move
otherwise the white bishop becomes a target of black's pawnstorm after ...h6, .
..g5, etc.} h6 14. Be3 b6 $2 {Not a good move. I thought I recalled black
making a pawn move on the queenside in this position, but this move isn't it.
I thought since white doesn't have a light-squared bishop I may gain the
useful option of ...Ba6, for instance if white continues with b4, c5, and Nc4.
But really this is just a simple violation of the rule that black isn't
supposed to touch the queenside pawns in these kinds of positions.} 15. b4 g5
16. Nb3 {White wants to continue with a4-a5, taking advantage of the hook
created by ...b6 without allowing black to activate the light-squared bishop.}
Ng6 17. g3 {A perfectly logical move, trying to keep the knight out of f4, but
maybe a mistake as ...Nf4 will come anyway} (17. a4 Nf4 18. O-O {I thought
white should just castle when I wasn't really sure how black's kingside attack
should proceed. On the other hand white's next move is a5 and black must
immediately figure out how to defend.}) 17... Rf3 {The position now becomes
extremely difficult to figure out as black is hoping to sacrifice a piece with
...Nf4 soon. My computer likes white and keeps the white pieces positioned to
safely decline the sacrifice, which is a bit inhuman as black will be allowed
to go ...Ng2+ and either take on e3 or bring more pieces to the f-file.} 18.
Qc2 $6 {I thought this made sense, reinforcing the loose c3 knight and also
getting ready to evacuate the king to the queenside, but in fact it makes the
sacrifice stronger.} (18. a4 $1 Nf4 19. a5 $1 $14 {The computer suggestion,
just getting on with it. Black can't really make anything happen.}) 18... Ba6
$2 {Missing the chance. And also not really threatening anything since ...Bxc4
can be met by Nd2.} (18... Nf4 $1 {This move is strong at once:} 19. a4 (19.
gxf4 $2 gxf4 20. Bd2 Qh4 21. O-O-O Rxf2 $19 {Black has taken two pawns for the
piece already and the h2 pawn is next.}) 19... Ng2+ {In the variation above,
with a5 instead of Qc2, white would be able to go Kd2 and on ...Nxf3 fxe3 Rf2+
play Kd3! when the king is quite safe. Now with the queen on c2 white would
have to meet ...Rf2+ with Ne2 instead to avoid losing the queen, so this is a
noticeable improvement for black.}) 19. a4 Nf4 {Now white should definitely
decline the sacrifice when the inclusion of a4 and ...Ba6 is in his favor.} 20.
gxf4 $2 (20. Nd2 $1 Ng2+ 21. Ke2 $16 {A very hard position to assess over the
board, but the computer says this is the way for white to play. Black will
likely re-sacrifice the knight on f4 soon but white's king will sneak away via
d1. The misplaced bishop on a6 will have to waste time retreating to c8.})
20... gxf4 {Suddenly ...b6 and ...Ba6 look intelligent as black will
immediately capture on c4 if the e3 bishop moves.} 21. Nd2 Rh3 {Simply moving
away as the e3 bishop is trapped.} 22. Nf1 {A good practical try.} Bxc4 {
Keeping the momentum seemed better than regaining the material. Here white has
two moves to stay in the game, at least practically speaking.} (22... fxe3 23.
Nxe3 {Black has won a pawn but this didn't look so clear to me as white can
castle long and the e3 knight may eventually be able to come to f5.}) 23. Bd2 (
23. Ne2 $1 {White keeps the dream of getting the f1 knight to e3 or g3 alive.
I don't think either of us considered this move.} Bxe2 24. Qxe2 fxe3 25. fxe3
$1 {Black is better but it's far from simple.}) (23. Ng3 $1 {Also quite
logical but a difficult move to consider over the board.}) 23... Bd3 $19 {
I didn't realize it at the time but now the game is over - white's pieces are
too discombobulated.} 24. Qa2 Qh4 25. Rg1 (25. O-O-O {This is what white would
like to play but sadly after} Qxf2 {there is no way to avoid losing material
as ...Qg2 next would trap the h1 rook.} 26. Be1 Qf3 {Black threatens ...Qxh1
and ...Bxf1}) 25... Rf3 26. Nd1 Rf8 27. Rc1 g3 28. hxg3 fxg3 29. Rxg3 (29. Nxg3
Rxg3 30. fxg3 Qxg3+ 31. Rxg3 Rf1#) 29... Qh1 0-1

[Event "Challengers Invitational"]
[Site "?"]
[Date "2023.02.17"]
[Round "1"]
[White "Russell, Corey"]
[Black "Nair, Roshen"]
[Result "0-1"]
[WhiteElo "2217"]
[BlackElo "2081"]
[Annotator "Corey Rusell"]
[PlyCount "122"]
[EventDate "2023.??.??"]

{[%evp 19,122,1,6,-29,-35,-98,-98,-108,-108,-108,-108,-140,-135,-128,-102,-102,
-102,-102,-102,-102,-102,-104,-104,-107,-106,-124,-120,-135,-130,-130,-130,
-142,-140,-153,-131,-199,-187,-226,-157,-157,-157,-157,-157,-158,-158,-178,
-178,-178,-174,-198,-198,-198,-183,-269,-269,-295,-295,-295,-295,-295,-295,
-295,-295,-443,-427,-432,-392,-370,-316,-627,-627,-7988,-7987,-1073,-891,-1009,
-1009,-5294,-1259,-29980,-5119,-29981,-29982,-29982,-29983,-29982,-29983,
-29982,-29983,-29982,-29983,-29982,-29983,-29983,-29983,-29983,-29984,-29983,
-29983,-7975,-5198,-29982,-29983,-29980,-29981] All annotations are Fritz 16,
unless denoted by my initials ( -cjr).} 1. d4 d5 2. Nf3 Nf6 3. c4 c6 4. g3 Bf5
5. Nc3 e6 6. Bg2 h6 7. Qb3 Qb6 8. c5 Qxb3 9. axb3 Na6 10. Ra4 Bc2 11. Ne5 Nd7 {
[%cal Bf6d7,Bd7e5,Be5c4][%mdl 32]} 12. Kd2 (12. Nxd7 $15 Kxd7 13. Bf4) 12...
Bxb3 $17 {Threatens to win with ...Nd7xe5.} 13. Ra3 {And now Ne5xd7 would win.}
Nxe5 14. Rxb3 Nc4+ 15. Kc2 b6 16. e4 {[%cal Re4d5]} bxc5 17. exd5 Nb4+ (17...
exd5 $6 18. Nxd5 cxd4 19. Nf4 $11) 18. Rxb4 cxb4 19. dxe6 Rc8 $1 20. exf7+ Kxf7
21. Na4 Be7 22. Re1 Rhe8 23. Bf1 Nb6 24. Nxb6 axb6 25. Bc4+ {[#]} Kf8 $1 26.
Bf4 Rcd8 27. Be5 (27. Re6 $17) 27... Bf6 28. Re3 c5 29. Rf3 Ke7 ({Reject} 29...
cxd4 30. Bxf6 gxf6 31. Rxf6+ Kg7 32. Rxb6 $11) 30. Bxf6+ gxf6 31. dxc5 bxc5 {
[%mdl 4096] Endgame KRR-KRB} 32. Rf5 {[#]} Rd4 $1 {[%cal Rd4c4]} 33. Kb3 Rd2
34. Rxc5 Rxf2 35. Rh5 Rh8 36. Bd5 (36. Kxb4 {was necessary.} Rb8+ 37. Kc5)
36... f5 $19 37. Kxb4 Rxb2+ 38. Kc3 Rf2 39. Kd3 Kf6 40. Ke3 Rb2 41. h3 (41. Bc4
$142) 41... Rb5 42. Bf3 Re8+ 43. Kd4 Rb3 44. Rxh6+ $2 (44. Bd5 Rxg3 45. Rxh6+
Kg7 46. Rh5) 44... Kg7 45. Bd5 Rb4+ 46. Kc5 Kxh6 47. Kxb4 {KR-KB} Re3 48. Kc4
Rxg3 49. Be6 Kg5 (49... Kg6 $142 50. Kc5 Rxh3 51. Kd4 Ra3 52. Bxf5+ Kxf5 53.
Kc5 Rd3 54. Kc4 Ke4 55. Kc5 Rd8 56. Kc4 Rc8+ 57. Kb5 Kd4 58. Kb6 Rc5 59. Kb7
Kc4 60. Kb6 Kb4 61. Ka7 Ka5 62. Kb7 Kb5 63. Ka8 Ka6 64. Kb8 Kb6 65. Ka8 Rc8#)
50. h4+ Kf6 51. Bd5 Rg4+ 52. Kd3 Rxh4 53. Ke3 Ke5 54. Bg2 Ra4 55. Bc6 Ra3+ 56.
Kf2 Kf4 57. Bd5 Rc3 58. Ke2 Rc2+ 59. Kd3 Rc5 60. Bb7 Kg3 61. Kd4 {The
precision says it all - my opponent was 82% precise and I was only 31%. I am
not going to survive that. Qb3 in the opening is apparently not a good idea.
Back to the drawing board on that one... -cjr} Rc7 {Precision: White = 31%,
Black = 82%.} 0-1

[Event "Challengers Invitational"]
[Site "?"]
[Date "2023.02.18"]
[Round "2"]
[White "Fisette, Robert"]
[Black "Russell, Corey"]
[Result "0-1"]
[WhiteElo "2217"]
[BlackElo "2089"]
[Annotator "Corey Rusell"]
[PlyCount "58"]
[EventDate "2023.??.??"]

{[%evp 13,58,18,17,-19,24,24,31,34,48,44,88,80,129,100,149,149,193,193,211,153,
195,99,99,97,230,230,230,230,234,165,165,95,67,-160,-160,-160,-80,-188,-188,
-188,-188,-231,-231,-393,-372,-978,-977]} 1. e4 e5 2. Nf3 Nc6 3. Bb5 Nge7 {
This is the Cozio defence. -cjr} 4. Nc3 g6 5. d4 Bg7 6. Be3 exd4 7. Nxd4 O-O 8.
Nxc6 Nxc6 (8... bxc6 {might be stronger.} 9. Ba4 Ba6) 9. Qd2 $11 Re8 {White
has an edge.} 10. O-O-O d6 11. h4 Bd7 (11... Qf6 $14) 12. h5 gxh5 (12... Qf6
$142) 13. f3 Ne5 (13... Re5 $142) 14. Be2 $16 b5 (14... h4 $16) 15. Rxh5 $18 b4
16. Nd5 {[#] Hoping for Be3-h6.} c6 (16... Be6 $16 {is a better defense.} 17.
Bh6 (17. Qxb4 Rb8 $18) 17... Bh8) 17. Bg5 (17. Qxb4 cxd5 18. Rxd5 Re6 $17) (17.
Nxb4 $18 a5 18. Na6 (18. Qxd6 axb4 19. Rxe5 Bxe5 $11)) 17... f6 $16 18. Bh6
Bxh6 (18... cxd5 $16 {was worth a try.} 19. Bxg7 Qe7) 19. Qxh6 $18 cxd5 20.
Qxh7+ Kf8 21. Qh8+ ({Less strong is} 21. Rxd5 Qe7 $14) 21... Ke7 {[#]} 22. Qg7+
$40 {[%mdl 128] White is out for blood.} (22. Rh7+ $1 $18 Nf7 23. Qg7) 22...
Nf7 $16 {And now ...Re8-g8 would win.} 23. Rh6 $2 ({Stronger than} 23. Rhxd5
Rg8 $17) (23. Rh7 $1 $14 {is the one way to stay ahead.} Be6 24. exd5 (24. Rh6
Rg8 $11)) 23... Rg8 $17 24. Qxf6+ Kf8 ({Better is} 24... Ke8 25. Qxd8+ Rxd8)
25. Rxd5 (25. g4 $17 {keeps fighting.}) 25... Qxf6 $19 26. Rxf6 Ke7 ({Not} 
26... Rxg2 27. Bc4 $11) 27. Rf4 (27. Rxf7+ $142 Kxf7 28. g4) 27... Rxg2 28. Kd2
$2 (28. Rd2 {was necessary.} Rg1+ 29. Rd1) 28... Ne5 29. Rh4 $2 (29. Ke3 Ng6
30. Bd3) 29... Nxf3+ {Precision: White = 46%, Black = 35%.} 0-1

[Event "Challengers Invitational"]
[Site "?"]
[Date "2023.02.18"]
[Round "3"]
[White "Russell, Corey"]
[Black "Kodarapu, Ishaan"]
[Result "1/2-1/2"]
[WhiteElo "2217"]
[BlackElo "1963"]
[Annotator "Corey Rusell"]
[PlyCount "85"]
[EventDate "2023.??.??"]

{[%evp 17,85,3,24,3,3,-11,-4,-26,-26,-31,-9,-9,-9,-9,-5,-26,13,13,26,-2,24,25,
47,47,73,26,17,-16,-13,-42,-28,-27,-25,-24,-7,-24,0,0,0,0,0,0,0,0,0,0,0,0,0,0,
0,0,0,0,0,0,0,0,0,0,0,0,0,0,0,0,0,0,0,0]} 1. d4 d5 2. Nf3 Nf6 3. e3 {This
shows white's intention to play the Colle system. -cjr} e6 4. Bd3 Bd6 5. Nbd2
O-O 6. O-O Nbd7 7. e4 dxe4 8. Nxe4 Nxe4 9. Bxe4 Nf6 10. Bd3 b6 11. c4 Bb7 12.
Bg5 h6 13. Bh4 c5 14. dxc5 Bxc5 15. Qe2 Qe7 16. Ne5 g5 17. Bg3 Rad8 18. a3 Bd4
19. Rad1 Kg7 20. Kh1 Nd7 {[#]} 21. Nxd7 ({Better is} 21. Ng4 $1 $16) 21... Rxd7
$11 22. Bb1 Rfd8 23. Rd3 e5 24. f3 f6 25. Rdd1 Bc5 26. b4 (26. Qc2 {is more
complex.} Kf8 27. Rxd7 Rxd7 28. b4 Bd4 29. Rd1) 26... Rxd1 27. Rxd1 {The
position is equal.} Rxd1+ 28. Qxd1 Bd4 29. Qd3 Kf8 30. Qg6 Qg7 31. Qf5 Ke7 32.
Be4 Bxe4 33. Qxe4 Qf7 34. Qb7+ Kf8 35. Qc6 Kg7 36. h3 Qg6 37. Be1 Qd3 38. Kh2
Qf1 39. Qd7+ Kg6 40. Qe8+ Kg7 41. Qe7+ Kg6 {[#] ( -> ...Bd4-g1+)} 42. Qe8+ Kg7
43. Qe7+ {Precision: White = 60%, Black = 47%.} 1/2-1/2

[Event "Challengers Invitational"]
[Site "?"]
[Date "2023.02.19"]
[Round "4"]
[White "Marx, Jaden"]
[Black "Russell, Corey"]
[Result "0-1"]
[WhiteElo "1822"]
[BlackElo "2217"]
[Annotator "Corey Rusell"]
[PlyCount "82"]
[EventDate "2023.??.??"]

{[%evp 12,82,27,23,25,25,48,25,25,24,26,24,25,8,8,-12,-12,-12,-11,-94,-94,-94,
-83,-117,-91,-91,-91,-91,-77,-255,-255,-255,-250,-350,-308,-458,-458,-463,-450,
-504,-492,-488,-427,-516,-500,-603,-515,-515,-505,-505,-505,-550,-509,-544,
-408,-672,-554,-610,-307,-313,0,-577,-530,-763,-600,-763,-540,-911,-911,-872,
-793,-1498,-1498]} 1. e4 e5 2. Nf3 d6 3. d4 Nd7 4. Bc4 c6 5. O-O Be7 6. Re1
Ngf6 7. c3 b5 {I didn't want white to make a battery on the a2-g8 diagonal
with Qb3. - cjr} 8. Bd3 {White has an edge.} O-O 9. Nbd2 {[%cal Bb1d2,Bd2f1,
Bf1g3,Bg3f5][%mdl 32]} Bb7 10. Nf1 a6 11. Ng3 Re8 12. Nf5 Bf8 13. h4 exd4 14.
cxd4 c5 {[%cal Bc6c5,Bc5c4][%mdl 32]} 15. Bf4 (15. d5 $11 {remains equal.})
15... c4 $17 16. Bc2 Nxe4 17. Bxe4 Bxe4 18. Nxd6 Bxd6 19. Bxd6 Qf6 20. Ne5 $2 (
20. Bb4 $17) 20... Qxd6 $19 21. Rxe4 f6 ({Weaker is} 21... Nxe5 22. Qe2 $15)
22. Nf7 Qd5 23. Rxe8+ (23. Nh6+ $142 gxh6 24. Qg4+ Kf7 25. Rae1) 23... Rxe8 24.
Nh6+ gxh6 {[%cal Bg7h6,Bh6h5][%mdl 32]} 25. Qg4+ Kh8 26. Qf4 h5 27. Rc1 Re4 28.
Qh6 Rxh4 29. Re1 Re4 30. Rxe4 Qxe4 31. Qxh5 Qxd4 32. Qf7 a5 {[#] aiming for ...
b5-b4.} 33. Qe8+ (33. a3 $142) 33... Kg7 {And now ...b5-b4 would win.} 34. Qe7+
Kg8 35. Qe8+ {I had wanted to play ...Nf8 but realized would lose the b-pawn.
So need to run to the h-file instead. -cjr} Kg7 {White must now prevent ...
b5-b4.} 36. Qe7+ Kh6 {[#] Strongly threatening ...b5-b4.Black is clearly
winning.} 37. Qe6 b4 38. Qh3+ Kg6 39. g4 Ne5 40. Qh5+ Kg7 41. g5 Qg4+ {
Precision: White = 22%, Black = 83%.} 0-1

[Event "Challengers Invitational"]
[Site "?"]
[Date "2023.02.19"]
[Round "5"]
[White "Russell, Corey"]
[Black "Murray, David"]
[Result "1-0"]
[WhiteElo "2217"]
[BlackElo "1905"]
[Annotator "Corey Rusell"]
[PlyCount "85"]
[EventDate "2023.??.??"]

{[%evp 13,85,-33,-31,-37,-37,-37,-36,-38,-34,-42,-42,-42,-37,-34,-34,-34,-19,
-36,-13,-27,6,6,9,-53,22,-14,44,44,44,44,69,69,69,69,91,88,303,303,303,303,303,
237,407,407,455,455,692,692,717,640,961,536,536,407,407,407,377,377,377,377,
353,353,395,377,395,354,390,395,695,650,587,501,1199,1172]} 1. c3 d5 2. d3 Nf6
3. Nf3 c5 4. Nbd2 Nc6 5. e4 e5 {White is basically playing an old indian but
as white. This does make black better though. This was played mostly to put
David and me on equal playing field - I don't have to worry about opening
theory being my downfall. - cjr} 6. Be2 Be7 7. O-O O-O 8. exd5 Nxd5 9. Nc4 Qc7
{Black is slightly better.} 10. a4 Be6 11. Ng5 Bxg5 12. Bxg5 f6 13. Bd2 Rad8
14. Qc2 a6 15. a5 Rd7 16. Rfd1 f5 17. Qa4 Rfd8 18. Qa3 ({Better is} 18. Bf1 $11
) 18... Nce7 (18... Ndb4 $1 $15 19. Bg5 (19. cxb4 Bxc4 20. Bf1 cxb4 $15) 19...
Bxc4 20. dxc4 Nc2 21. Bxd8 Qxd8 22. Qxc5 Nxa1 23. Rxa1 Rd2) 19. Rac1 Nf4 ({
Black should try} 19... Ng6 $11 20. Qa4 Ndf4 21. Bxf4 Nxf4) 20. Bxf4 $1 $14
Bxc4 21. Bg5 Bb5 {You might wonder why David didn't take my d-pawn - it's
poison! E.g., 21. ... Bxd3 22. Bxe7 Bxe2 23.Bxd8 (hitting the black queen) ...
Qxd8 24. Rxd7 Qxd7 25. Qxc5 and white is clearly winning -cjr} 22. c4 Bc6 23.
Qxc5 f4 24. Bg4 $36 {[%mdl 2048] White is really pushing.} Rd6 $2 (24... Ba4
$16 {was called for.} 25. Be6+ Kh8 26. Bxe7 Rxe7 27. Qxc7 Rxc7) 25. Qxe5 $18
Ng6 26. Bxd8 Qxd8 27. Qc5 f3 $2 (27... Nh4 28. Re1 Rg6 29. Be6+ Kh8) 28. g3 Qf6
29. d4 {[%cal Bd3d4,Bd4d5][%mdl 32]} Nf4 (29... Nf8 $142 30. d5 Bd7 31. Bxd7
Rxd7) 30. gxf4 Qxf4 31. Qf5 Qh6 32. d5 Bd7 33. Qxd7 Rxd7 34. Bxd7 Qg5+ 35. Kf1
{[#] And now Bd7-h3 would win.} Qg2+ 36. Ke1 Qg1+ 37. Kd2 Qxf2+ 38. Kc3 Qe3+
39. Kc2 {d5-d6 is the strong threat.} Qe4+ 40. Kb3 b6 $2 (40... f2 41. d6 g6)
41. d6 {Hoping for Bd7-e6+!White is clearly winning.} bxa5 {[#]} 42. Bf5 $1 {
[%mdl 512] The idea is my bishop gets out of the way of my d-pawn with tempo.
-cjr} Qb7+ (42... a4+ $142 43. Ka2 Qe8) (42... Qxf5 43. d7) 43. Ka2 {Precision:
White = 52%, Black = 36%.} 1-0

[Event "Challengers Invitational"]
[Site "?"]
[Date "2023.02.20"]
[Round "6"]
[White "Swearingin, Michael"]
[Black "Russell, Corey"]
[Result "0-1"]
[WhiteElo "2017"]
[BlackElo "2217"]
[Annotator "Corey Rusell"]
[PlyCount "84"]
[EventDate "2023.??.??"]

{[%evp 19,84,-13,-13,-13,-12,-16,-4,-4,11,10,39,39,39,35,58,19,58,24,24,15,15,
14,13,9,11,10,45,35,38,38,21,10,2,27,112,-159,-159,-159,-159,-187,-187,-187,
-187,-207,-209,-293,-293,-254,-268,-320,-323,-538,-538,-653,-653,-620,-575,
-1000,-908,-908,-895,-895,-895,-895,-891,-895,-866]} 1. e4 d6 2. g3 $1 {
I am giving this move an ! because whatever opening preparation I might have
had, Michael here is taking me out of it. Considering he got an advantage out
of the opening, he made a good strategic choice. -cjr} Nf6 3. Bg2 g6 4. Ne2 Bg7
5. O-O O-O 6. c4 c5 7. h3 Nc6 8. Nbc3 Ne8 {[%cal Bf6e8,Be8c7,Bc7e6,Be6d4][%mdl
32] Thus begins the setup for the Donaldson system. Nick doesn't believe in
this system, though I'm at a loss at what black should do instead. -cjr} 9. d3
Nc7 10. Be3 Ne6 11. Rb1 Ned4 12. a3 Rb8 13. b4 {The position is equal.} e5 14.
Nd5 h6 (14... b6 {keeps more tension.} 15. b5 Nxe2+ 16. Qxe2 Nd4 17. Bxd4 exd4
18. h4 Re8) 15. bxc5 dxc5 16. Nxd4 Nxd4 17. Bxd4 (17. Qa4 {is interesting.} a6
18. Rb6 Bd7 19. Qa5 Nb3 20. Qe1) 17... exd4 18. f4 Bd7 19. Qd2 Kh7 20. Kh2 b6
21. Qc2 h5 22. Rb2 f5 23. e5 h4 24. gxh4 Qxh4 25. Qf2 Qxf2 26. Rbxf2 g5 (26...
b5 $11) 27. Nf6+ $2 {[%mdl 8192]} (27. Re2 $16 {stays on course.}) 27... Bxf6
$17 28. exf6 gxf4 29. Re2 {aiming for Re2-e7+.} Kg6 30. f7 Rxf7 31. Bd5 {[#]}
Rh7 $1 32. Rg2+ (32. Rxf4 $142 Kf6 33. h4) 32... Kf6 $19 33. Rxf4 Rbh8 34. Rg3
Ke5 35. Rgf3 $2 {[#]} (35. Rff3 {was called for.}) 35... Rxh3+ $1 {[%mdl 512]
Black is clearly winning.} 36. Kg1 (36. Rxh3 Rxh3+) 36... Rh1+ 37. Kf2 Ra1 38.
Be4 Ra2+ 39. Kg1 fxe4 40. Rxe4+ Kd6 41. Rf6+ Kc7 42. Re7 Re8 {Precision: White
= 43%, Black = 55%.} 0-1